| 000 | 00547nam a22001577a 4500 | ||
|---|---|---|---|
| 999 |
_c534160 _d534160 |
||
| 020 | _qHard Cover. | ||
| 082 | _a620.5 | ||
| 100 | _aArif, Asim | ||
| 245 |
_aPhysiochemical Studies of Metal Doped ZnO Nanostructures and their Antibacterial Activity Investigations / _cAsim Arif. |
||
| 260 |
_aIslamabad : _bSCME - NUST, _c2016. |
||
| 300 |
_axii, 78 p. ; ill. ; _c30cm. |
||
| 942 |
_2ddc _cTHE |
||
| 650 |
_aNanoscience and Engineering. _928310 |
||
| 700 |
_aDr. Muhammad Israr Qadir. _928311 |
||